Geography Quiz

Random Geography or State Quiz
Score 0/19 Timer 02:00
8 Plays Today
% Correct
F - Florida
92%
C - Colorado...
91.5%
T - Tennessee...
91%
W - Wisconsin...
90.8%
M - Montana...
90.6%
A - Alabama...
90.4%
H - Hawaii
89.6%
O - Oregon...
89.4%
L - Louisiana
89.2%
I - Indiana...
89.2%
% Correct
N - Nebraska...
88.9%
G - Georgia
88.5%
P - Pennsylvania
87.9%
S - South Dakota...
87.5%
U - Utah
86.6%
K - Kansas...
85.9%
V - Virginia...
82.7%
R - Rhode Island
80.3%
D - Delaware
80%
Remove Ads.
Support Sporcle.
Get the best of Sporcle when you Go Orange. This ad-free experience offers more features, more stats, and more fun while also helping to support Sporcle. Thank you for becoming a member.

You're not logged in!

Compare scores with friends on all Sporcle quizzes.
OR
Log In

Show Comments

Extras

Top Quizzes Today


Score Distribution

Your Account Isn't Verified!

In order to create a playlist on Sporcle, you need to verify the email address you used during registration. Go to your Sporcle Settings to finish the process.

Report this User

Report this user for behavior that violates our Community Guidelines.

Details: